Faculty of Law Library — Cairo University

Official Online Catalog

L'inspecteur Du Service De La Répression Des Fraudes : (Record no. 69368)

MARC details
000 -LEADER
fixed length control field 01025nam a2200289 i 4500
003 - CONTROL NUMBER IDENTIFIER
control field EG-GICUC
005 - DATE AND TIME OF LATEST TRANSACTION
control field 20260406211827.0
008 - FIXED-LENGTH DATA ELEMENTS--GENERAL INFORMATION
fixed length control field 260406s1933 ||| |||fr|||| 00| 0 fre d
040 ## - CATALOGING SOURCE
Original cataloging agency EG-GiCUC
Language of cataloging fre
Transcribing agency EG-GiCUC
Modifying agency EG-GiCUC
Description conventions Rda
082 04 - DEWEY DECIMAL CLASSIFICATION NUMBER
Edition number 21
Classification number 343.76813
Item number RO . I
092 04 - LOCALLY ASSIGNED DEWEY CALL NUMBER (OCLC)
Edition number 21
099 ## - LOCAL FREE-TEXT CALL NUMBER (OCLC)
Classification number Law1 10 343.76813 RO . I 1933
100 1# - MAIN ENTRY--PERSONAL NAME
Personal name Roche, André
Relator term Auteur
245 12 - TITLE STATEMENT
Title L'inspecteur Du Service De La Répression Des Fraudes :
Remainder of title Statut, Rôle Et Attributions.
Number of part/section of a work Xiv /
Statement of responsibility, etc. André Roche.
264 #1 - PRODUCTION, PUBLICATION, DISTRIBUTION, MANUFACTURE, AND COPYRIGHT NOTICE
Place of production, publication, distribution, manufacture [Lieu De Publication Non Précisé] :
Name of producer, publisher, distributor, manufacturer Toulouse Librairie Générale,
Date of production, publication, distribution, manufacture, or copyright notice 1933.
300 ## - PHYSICAL DESCRIPTION
Extent 184 page ;
Dimensions 24 cm.
336 ## - CONTENT TYPE
Source rda contenu
Content type term texte
337 ## - MEDIA TYPE
Source rda medias
Media type term Ordinateur
338 ## - CARRIER TYPE
Source transporteur rda
Carrier type term Ressource en ligne
504 ## - BIBLIOGRAPHY, ETC. NOTE
Bibliography, etc. note Bibliography: pages 171-174
650 1# - SUBJECT ADDED ENTRY--TOPICAL TERM
Topical term or geographic name entry element Œuvrer Au Service De La Communauté
Source of heading or term qrmak
650 1# - SUBJECT ADDED ENTRY--TOPICAL TERM
Topical term or geographic name entry element Droit De Pénal
Source of heading or term qrmak
651 1# - SUBJECT ADDED ENTRY--GEOGRAPHIC NAME
Source of heading or term qrmak
856 40 - ELECTRONIC LOCATION AND ACCESS
Uniform Resource Identifier <a href="https://fll.law.cu.edu.eg/fulltext/bks/B10-08952.pdf">https://fll.law.cu.edu.eg/fulltext/bks/B10-08952.pdf</a>
905 ## - Cataloger and Reviser Names
Cataloger Name: Yasmin Sayed
942 ## - ADDED ENTRY ELEMENTS (KOHA)
Source of classification or shelving scheme Dewey Decimal Classification
Koha item type Books
Edition 21
Suppress in OPAC No
Holdings
Withdrawn status Lost status Source of classification or shelving scheme Damaged status Not for loan Collection Home library Current library Date acquired Total checkouts Full call number Barcode Date last seen Copy number Price effective from Koha item type
    Dewey Decimal Classification   Not for loan القانون الجنائي جــــامعة القــاهرة مكتبة كلية الحقوق - المبنى الرئيسي 06.04.2026   Law1 10 343.76813 RO . I 1933 1008952 V14, C1 B10-08952 06.04.2026 1 06.04.2026 Books

© All rights reserved — Faculty of Law, Cairo University